Statistics for Crisis - Joshua Bassett

Click here to take the quiz!

General Stats

  • This quiz has been taken 156 times
  • The average score is 301 of 351

Answer Stats

Answer% Correct
crisis
99%
My
99%
my
99%
to
99%
a
98%
I
98%
never
98%
the
98%
do
96%
in
96%
an
95%
And
95%
and
95%
don't
95%
Don't
95%
of
95%
said
95%
Was
95%
waste
95%
you
95%
You
95%
am
94%
didn't
94%
label
94%
middle
94%
one
94%
here
93%
if
93%
hand
91%
who
91%
can
90%
know
90%
go
89%
guitar
89%
love
89%
me
89%
me?
89%
that
89%
wanna
89%
want
89%
write
89%
but
88%
But
88%
dare
88%
it
88%
so
88%
then
88%
this
88%
with
88%
ever
86%
like
86%
too
86%
your
86%
act
85%
all
85%
hurt
85%
death
84%
honestly
84%
tell
84%
would
84%
bad
83%
be
83%
career
83%
guy
83%
move
83%
okay
83%
put
83%
still
83%
what
83%
call
81%
I'm
81%
life
81%
wonder
81%
after
80%
'cause
80%
play
80%
through?
80%
through
80%
Messin'
79%
run
79%
threats
79%
truth
79%
back
78%
get
78%
called
76%
hell
76%
holdin'
76%
it's
76%
thinkin'
76%
cool
75%
end
75%
got
75%
heard
75%
Oh,
75%
she
75%
supposed
75%
true
75%
can't
74%
half
74%
Half
74%
shit
74%
why
74%
as
73%
help
71%
make
71%
only
71%
you're
71%
could
69%
hate
69%
place?
69%
first
68%
Guess
68%
mama
68%
won't
68%
Messing
66%
left
64%
off?
64%
over
64%
Weren't
64%
eyes
63%
or
63%
things
63%
wish
63%
for
61%
headlines
61%
open
61%
keep
60%
nightmare'd
56%
saying's
56%
fannin'
55%
fire
54%
sensationalize
54%

Score Distribution

Percentile by Number Answered

Percent of People with Each Score

Your Score History

You have not taken this quiz